000 00722nam a2200217 a 4500
005 20230902063625.0
008 991125s1995 mx 000 0 spa u
020 _a9683642527
035 _aUPN01000035651
049 _aCG
050 4 _aCB351
_bG6.2
100 1 _aGonzález Ochoa, César
_943212
245 1 0 _aA lo invisible por lo visible :
_bimágenes del occidente medieval /
_cCésar González Ochoa.
260 _aMéxico :
_bUNAM, Instituto de Investigaciones Filológicas,
_c1995.
300 _a179 p. :
_bil.
440 0 _aPublicaciones medievalia ;
_v9
650 4 _aCIVILIZACION MEDIEVAL
_910786
651 7 _aEuropa
_xCondiciones sociales
_2
_922809
651 4 _aEUROPA -
_xVIDA INTELECTUAL
905 _aLibro
999 _c35651
_d35651